Lou Laurin Lam (Record no. 10590)
[ view plain ]
| 000 - LÍDER | |
|---|---|
| campo de control de longitud fija | 01382nam a2200217Ia 4500 |
| 008 - ELEMENTOS DE DATOS DE LONGITUD FIJA - INFORMACIÓN GENERAL | |
| campo de control de longitud fija | 0000001988 fr ad 0000000000fre00 |
| 020 ## - INTERNATIONAL STANDARD BOOK NUMBER | |
| International Standard Book Number | 2718603275 |
| 090 ## - NÚMERO DE LLAMADA DE TIPO LC LOCALMENTE ASIGNADO (OCLC) | |
| Número de clasificación (OCLC) (R) | PSW00 L68l |
| 245 10 - TÍTULO DECLARACIÓN | |
| Título | Lou Laurin Lam |
| Declaración de responsabilidad | / photos Antonio Ruiz Arago, Bartolie, Christophe Laurentin |
| 260 ## - PUBLICACIÓN, DISTRIBUCIÓN | |
| Lugar de publicación | Paris : Galilée |
| Fecha de publicación | 1988 |
| 300 ## - DESCRIPCIÓN FÍSICA | |
| Alcance | 127 p. |
| Dimensiones | / 24 cm. |
| 500 ## - NOTA GENERAL | |
| Nota general | Incluye datos biográficos del artista \ Registro auspiciado por la FGAA. Bogotá |
| 501 ## - Con nota | |
| Con nota | L'histoire et le frantastique burlesque de Lou LourinLam / Pierre Gaudibert Du grand nord vers le sud / Per Hovdenakk Lou LaurinLam ou l'envers de l'histoire / Jean Dominique Rey Les héros de l'histoire de la suède / Pierre Gaudibert Les aventures des mangeurs / Pierre Gaudibert Hommage a Leonardo Da Vinci / Pierre Gaudibert Fraicheur au dessus de l'histoire / Pierre Gaudibert Voilá une jungle humaine! voila un monde animal / Sun AXelsson Lou Laurin Lam et la glorification de la grenouille / Rignar von Holten |
| 600 00 - ENTRADA DE SUJETO AÑADIDO - NOMBRE PERSONAL | |
| Nombre de la persona | LAURIN LAM, LOU, 1934/ |
| Subdivisión general | TRABAJOS PICTORICOS |
| 650 14 - ENTRADA DE SUJETO AÑADIDO - TÉRMINO TÓPICO | |
| Término tópico o elemento de entrada del nombre geográfico | ARTE CONTEMPORANEO SUECO |
| 650 14 - ENTRADA DE SUJETO AÑADIDO - TÉRMINO TÓPICO | |
| Término tópico o elemento de entrada del nombre geográfico | ARTISTAS PLASTICOS SUECOS |
| 650 14 - ENTRADA DE SUJETO AÑADIDO - TÉRMINO TÓPICO | |
| Subdivisión general | CATALOGOS |
| 650 14 - ENTRADA DE SUJETO AÑADIDO - TÉRMINO TÓPICO | |
| Término tópico o elemento de entrada del nombre geográfico | PINTORES SUECOS |
| 650 14 - ENTRADA DE SUJETO AÑADIDO - TÉRMINO TÓPICO | |
| Término tópico o elemento de entrada del nombre geográfico | PINTURA SUECA |
| 700 1# - ENTRADA AGREGADA - NOMBRE PERSONAL | |
| Nombre de la persona | Ruiz Arago, Antonio \ Bartolie \ Laurentin, Christophe \ Gaudibert, Pierre \ Hovdenakk \ Rey, Jean Dominique \ AXelsson, Sun \ Loteen, Rignar von |
| Estado de retirada | Pérdida de estatus | Estado dañado | No para préstamo | Código de recogida | Ubicación permanente | Ubicación actual | Ubicación de las estanterías | Fecha de adquisición | Número de llamada completo | Código de barras | Fecha de la última vez que se vio | Número de copia | Precio efectivo desde | Tipo de artículo Koha |
|---|---|---|---|---|---|---|---|---|---|---|---|---|---|---|
| General | ArtNexus | ArtNexus | General | 06/09/2022 | P-SW-00 L68L | 10688 | 06/09/2022 | Ej.1 | 06/09/2022 | Libro |